000 01282nam a2200229Ia 4500
999 _c41963
_d41963
001 8647
003 GE_BSU
005 20200127124838.0
008 181216s2010||||ge |||||||||||||| ||geo||
020 _a9789941913389
041 _ageo
080 _a347.965 ა-14
100 _aაბაშიძე, გივი
_91912
245 _aდამცველი სისხლის სამართლის პროცესში :
_bწინასწარი გამოძიების და პირველი ინსტანციის სასამართლოში საქმის განხილვის სტადიაზე /
_c გივი აბაშიძე ; რედ. ნიკოლოზ გაბრიჩიძე
264 _aთბილისი :
_bშპს."ჩხორია-2009,
_c2010
300 _a252 გვ.;
_c 20 სმ.
546 _aრეზ. ინგლ. და რუს. ბიბლიოგრ. გვ. 248-252
653 _aდამცველი სისხლის სამართლის პროცესში
653 _aსამართალი
700 _a გაბრიჩიძე, ნიკოლოზ
_eრედაქტორი
_96404
942 _cBK
_2udc